00418 a2200157 4500003000500000005001700005040000900022082001000031100004500041245008100086260002000167300000900187538002900196650001600225651001900241Nust20170207153549.0 cNust a005.8 aQureshi,Zaffar Iqbal Captain BESE-01 aTo Design a Database Management system cCapt Zaffar Iqbal Qureshi BESE-01 bMCScMarch,1999 a72:p aAlimrah No 71 Shelf No 5 aUG Projects aUG CS Projects